Top 200 Players in Madden 26 - Statistics

General Stats
  • This quiz has been taken 37 times
  • The average score is 123 of 200
Answer Stats
Team Position OVR Player % Correct
49ers HB 96 Christian McCaffrey
100%
49ers TE 98 George Kittle
100%
Bengals WR 99 Ja'Marr Chase
100%
Vikings DT 88 Jonathan Allen
100%
Colts HB 96 Jonathan Taylor
100%
Bills QB 99 Josh Allen
100%
Jaguars REDG 88 Josh Hines-Allen
100%
Rams QB 98 Matthew Stafford
100%
Broncos DT 87 Zach Allen
100%
Lions WR 96 Amon-Ra St. Brown
95%
Bears QB 85 Caleb Williams
95%
Eagles WR 91 DeVonta Smith
95%
Vikings FS 87 Harrison Smith
95%
Lions HB 98 Jahmyr Gibbs
95%
Lions WR 85 Jameson Williams
95%
Cowboys HB 85 Javonte Williams
95%
Seahawks WR 95 Jaxon Smith-Njigba
95%
Bengals QB 96 Joe Burrow
95%
Rams HB 89 Kyren Williams
95%
Seahawks DT 88 Leonard Williams
95%
Patriots DT 86 Milton Williams
95%
Browns REDG 99 Myles Garrett
95%
Cowboys DT 90 Quinnen Williams
95%
Ravens MIKE 93 Roquan Smith
95%
49ers LT 97 Trent Williams
95%
Chiefs RG 91 Trey Smith
95%
Cowboys LG 88 Tyler Smith
95%
Eagles WR 89 AJ Brown
91%
Falcons HB 95 Bijan Robinson
91%
Panthers DT 96 Derrick Brown
91%
Rams WR 97 Puka Nacua
91%
Eagles HB 92 Saquon Barkley
91%
Bills RT 85 Spencer Brown
91%
Cowboys WR 93 CeeDee Lamb
86%
Chiefs DT 94 Chris Jones
86%
Patriots CB 98 Christian Gonzalez
86%
Cowboys QB 91 Dak Prescott
86%
Ravens HB 94 Derrick Henry
86%
Patriots TE 86 Hunter Henry
86%
Bills HB 93 James Cook III
86%
Bears CB 90 Jaylon Johnson
86%
Vikings WR 94 Justin Jefferson
86%
Seahawks HB 90 Kenneth Walker III
86%
Ravens QB 94 Lamar Jackson
86%
Eagles RT 99 Lane Johnson
86%
Raiders LEDG 97 Maxx Crosby
86%
Packers REDG 98 Micah Parsons
86%
Cardinals LT 85 Paris Johnson Jr
86%
Chiefs QB 92 Patrick Mahomes
86%
Dolphins WR 92 Tyreek Hill
86%
Chiefs C 95 Creed Humphrey
82%
Rams WR 90 Davante Adams
82%
Patriots QB 93 Drake Maye
82%
49ers MIKE 97 Fred Warner
82%
Lions QB 88 Jared Goff
82%
Packers QB 87 Jordan Love
82%
Seahawks FS 85 Julian Love
82%
Ravens TE 91 Mark Andrews
82%
Ravens CB 87 Marlon Humphrey
82%
Buccaneers WR 91 Mike Evans
82%
Broncos CB 97 Patrick Surtain II
82%
Cardinals TE 97 Trey Mcbride
82%
Lions LEDG 93 Aidan Hutchinson
77%
Raiders TE 93 Brock Bowers
77%
Steelers DT 95 Cameron Heyward
77%
Seahawks LEDG 87 DeMarcus Lawrence
77%
Chargers SS 93 Derwin James Jr
77%
Giants DT 93 Dexter Lawrence II
77%
Falcons WR 92 Drake London
77%
Steelers FS 94 Jalen Ramsey
77%
Bills REDG 86 Joey Bosa
77%
Packers HB 91 Josh Jacobs
77%
49ers LEDG 95 Nick Bosa
77%
Lions RT 98 Penei Sewell
77%
Steelers LEDG 94 TJ Watt
77%
Commanders MIKE 92 Bobby Wagner
73%
49ers QB 86 Brock Purdy
73%
Cowboys WR 88 George Pickens
73%
Dolphins WR 86 Jaylen Waddle
73%
Titans DT 95 Jeffery Simmons
73%
Falcons FS 94 Jessie Bates III
73%
Texans HB 88 Joe Mixon
73%
Bears LG 96 Joe Thuney
73%
Chargers QB 89 Justin Herbert
73%
Commanders LT 94 Laremy Tunsil
73%
Chiefs TE 90 Travis Kelce
73%
Buccaneers DT 94 Vita Vea
73%
Texans LEDG 94 Will Anderson Jr
73%
Giants LT 93 Andrew Thomas
68%
Cardinals SS 90 Budda Baker
68%
Patriots CB 85 Carlton Davis III
68%
Colts CB 88 Charvarius Ward Sr
68%
Falcons RG 93 Chris Lindstrom
68%
Texans REDG 92 Danielle Hunter
68%
Saints MIKE 91 Demario Davis
68%
Browns CB 93 Denzel Ward
68%
Broncos LT 96 Garett Bolles
68%
Raiders LT 91 Kolton Miller
68%
Ravens SS 93 Kyle Hamilton
68%
Colts LG 94 Quenton Nelson
68%
Broncos RG 95 Quin Meinerz
68%
Buccaneers LT 95 Tristan Wirfs
68%
Texans CB 92 Derek Stingley Jr
64%
Chargers LT 85 Joe Alt
64%
Texans WR 89 Nico Collins
64%
Chargers LT 92 Rashawn Slater
64%
Lions TE 87 Sam LaPorta
64%
Bengals WR 88 Tee Higgins
64%
Chiefs CB 94 Trent McDuffie
64%
Bengals REDG 90 Trey Hendrickson
64%
Buccaneers FS 92 Antoine Winfield Jr
59%
Jets HB 86 Breece Hall
59%
Broncos WR 87 Courtland Sutton
59%
Colts DT 91 DeForest Buckner
59%
Dolphins HB 87 De'Von Achane
59%
Steelers WR 85 DK Metcalf
59%
Eagles DT 89 Jalen Carter
59%
Rams LEDG 88 Jared Verse
59%
Eagles LT 91 Jordan Mailata
59%
Lions FS 91 Kerby Joseph
59%
Giants WR 86 Malik Nabers
59%
Seahawks QB 85 Sam Darnold
59%
Commanders WR 90 Terry McLaurin
59%
Packers SS 92 Xavier McKinney
59%
Ravens WR 88 Zay Flowers
59%
Giants REDG 89 Brian Burns
55%
Buccaneers HB 86 Bucky Irving
55%
Seahawks CB 91 Devon Witherspoon
55%
Bears WR 85 DJ Moore
55%
Jets WR 86 Garrett Wilson
55%
Colts CB 86 Kenny Moore II
55%
Dolphins FS 89 Minkah Fitzpatrick
55%
Colts CB 90 Sauce Gardner
55%
Patriots WR 87 Stefon Diggs
55%
Jaguars HB 87 Travis Etienne Jr
55%
Colts WR 84 Alec Pierce
50%
Cowboys K 87 Brandon Aubrey
50%
Lions SS 91 Brian Branch
50%
Saints WR 87 Chris Olave
50%
Broncos REDG 91 Nik Bonitto
50%
Eagles WILL 90 Zach Baun
50%
Eagles CB 85 Cooper DeJean
45%
Steelers K 86 Chris Boswell
41%
Eagles TE 88 Dallas Goedert
41%
Bills LT 88 Dion Dawkins
41%
Chargers REDG 86 Khalil Mack
41%
Eagles CB 89 Quinyon Mitchell
41%
Chiefs WR 85 Rashee Rice
41%
Packers TE 85 Tucker Kraft
41%
Ravens C 87 Tyler Linderbaum
41%
Steelers REDG 87 Alex Highsmith
36%
Vikings LT 90 Christian Darrisaw
36%
Bears HB 85 D'Andre Swift
36%
Lions MIKE 87 Jack Campbell
36%
Panthers CB 89 Jaycee Horn
36%
Steelers CB 85 Joey Porter
36%
Jaguars MIKE 86 Devin Lloyd
32%
Saints C 88 Erik McCoy
32%
Bills LEDG 88 Greg Rousseau
32%
Texans CB 87 Kamari Lassiter
32%
49ers FB 88 Kyle Juszczyk
32%
Ravens DT 92 Nnamdi Madubuike
32%
Broncos SS 88 Talanoa Hufanga
32%
Falcons CB 88 AJ Terrell Jr
27%
Bears RT 87 Darnell Wright
27%
Broncos MIKE 88 Dre Greenlaw
27%
Browns LG 86 Joel Bitonio
27%
Vikings LEDG 85 Jonathan Greenard
27%
Jets K 88 Nick Folk
27%
Vikings C 91 Ryan Kelly
27%
Vikings RT 87 Brian O'Neill
23%
Packers C 86 Elgton Jenkins
23%
Texans CB 86 Jalen Pitre
23%
Cardinals REDG 85 Josh Sweat
23%
Buccaneers MIKE 85 Lavonte David
23%
Seahawks SS 85 Nick Emmanwori
23%
Ravens LT 86 Ronnie Stanley
23%
Packers RT 87 Zach Tom
23%
Colts LT 86 Bernhard Raimann
18%
Lions CB 87 DJ Reed Jr
18%
Chiefs WILL 89 Drue Tranquill
18%
Falcons LT 89 Jake Matthews
18%
Buccaneers CB 86 Jamel Dean
18%
Saints FS 85 Justin Reid
18%
Rams RG 87 Kevin Dotson
18%
Titans RG 89 Kevin Zeitler
18%
Eagles LG 85 Landon Dickerson
18%
Dolphins C 85 Aaron Brewer
14%
Colts DT 85 Grover Stewart
14%
Rams DT 85 Kobie Turner
14%
Patriots RG 86 Mike Onwenu
14%
Patriots MIKE 85 Robert Spillane
14%
Commanders RG 87 Sam Cosmi
14%
Panthers LG 85 Damien Lewis
9%
Browns WILL 86 Devin Bush
9%
Bears SS 86 Jaquan Brisker
9%
Seahawks P 85 Michael Dickson
9%
Rams MIKE 86 Nate Landman
9%
Steelers C 85 Zach Frazier
9%
Jaguars WILL 85 Foyesade Oluokun
5%
No matching quizzes found
Score Distribution
Percent of People with Each Score
Percentile by Number Answered
Your Score History
You have not taken this quiz